• 首页
  • 本馆介绍
  • 公告通知
  • 最新文献
  • 馆藏检索
  • 电子资源
  • 读者导购
  • 参考咨询
  • 我的图书馆
  • 登录
  • 详细信息显示
  • 放入我的书架
  • 预约/预借图书
  • 作者相关作品
  • 分类相关作品
  • 丛书相关作品
  • 出版社相关作品

书目信息

  • 表格格式
  • 工作单格式
  • 卡片格式
题名:
国防科技创新
    
 
作者: 黄朝峰 主编
分册:  
出版信息: 北京   经济管理出版社  2018
页数: 328页
开本: 24cm
丛书名: 军民融合研究丛书
单 册:
中图分类: E25
科图分类:
主题词: 国防科学技术--技术革新--中国
电子资源:
ISBN: 978-7-5096-4925-1
000 01224nam 2200277 450
001 2361323630
005 20231203170215.58
010    @a978-7-5096-4925-1@dCNY98.00
100    @a20180429d2018 em y0chiy50 ea
101 0  @achi
102    @aCN@b110000
105    @aak a 000yy
200 1  @a国防科技创新@Aguo fang ke ji chuang xin@d= Innovation of national defense science and technology@f主编黄朝峰@zeng
210    @a北京@c经济管理出版社@d2018
215    @a328页@c图@d24cm
225 2  @a军民融合研究丛书@Ajun min rong he yan jiu cong shu@h第一辑
314    @a黄朝峰, 国防科技大学文理学院马克思主义理论系主任、教授、博士生导师。
320    @a有书目
330    @a本书作为国防科技创新与军民融合发展系列丛书之一, 收录了从1987年到2015年国防科技大学国防经济学科发表的有关国防科技创新方面的部分论文。包括国防科技创新的基本理论、国防科技资源优化配置、军民两用技术转化应用、国防知识产权等内容, 丰富了国防科技创新方面的理论与实践。
410  0 @12001 @a军民融合研究丛书@h第一辑
510 1  @aInnovation of national defense science and technology@zeng
606 0  @a国防科学技术@x技术革新@y中国
690    @aE25@v5
701  0 @a黄朝峰@Ahuang chao feng@4主编
801  0 @aCN@b湖北三新@c20180429
905    @aZUCC@dE25@e15
    
    国防科技创新= Innovation of national defense science and technology/主编黄朝峰.-北京:经济管理出版社,2018
    328页:图;24cm.-(军民融合研究丛书.第一辑)
    
    
    ISBN 978-7-5096-4925-1:CNY98.00
    本书作为国防科技创新与军民融合发展系列丛书之一, 收录了从1987年到2015年国防科技大学国防经济学科发表的有关国防科技创新方面的部分论文。包括国防科技创新的基本理论、国防科技资源优化配置、军民两用技术转化应用、国防知识产权等内容, 丰富了国防科技创新方面的理论与实践。
●
相关链接 在五车中查询图书 在当当中查询图书 在豆瓣中查询图书


正题名:国防科技创新     索取号:E25/15         预约/预借

序号 登录号 条形码 馆藏地/架位号 状态 备注
1 2001311025   2001311025   三新/湖北三新(第三批)/977/ [索取号:E25/15] 在馆    
2 2001311026   2001311026   三新/湖北三新(第三批)/977/ [索取号:E25/15] 在馆    
3 2001311027   2001311027   三新/湖北三新(第三批)/977/ [索取号:E25/15] 在馆    
4 2001311028   2001311028   三新/湖北三新(第三批)/977/ [索取号:E25/15] 在馆    
5 2001311029   2001311029   三新/湖北三新(第三批)/977/ [索取号:E25/15] 在馆    
6 2001311030   2001311030   三新/湖北三新(第三批)/977/ [索取号:E25/15] 在馆    
7 2001311031   2001311031   三新/湖北三新(第三批)/977/ [索取号:E25/15] 在馆    
8 2001311032   2001311032   三新/湖北三新(第三批)/977/ [索取号:E25/15] 在馆    
9 2001311033   2001311033   三新/湖北三新(第三批)/977/ [索取号:E25/15] 在馆    
10 2001311034   2001311034   三新/湖北三新(第三批)/977/ [索取号:E25/15] 在馆    
11 2001311035   2001311035   三新/湖北三新(第三批)/977/ [索取号:E25/15] 在馆    
12 2001311036   2001311036   三新/湖北三新(第三批)/977/ [索取号:E25/15] 在馆    
13 2001311037   2001311037   三新/湖北三新(第三批)/977/ [索取号:E25/15] 在馆    
14 2001311038   2001311038   三新/湖北三新(第三批)/977/ [索取号:E25/15] 在馆    
15 2001311039   2001311039   三新/湖北三新(第三批)/977/ [索取号:E25/15] 在馆    
16 2001311040   2001311040   三新/湖北三新(第三批)/977/ [索取号:E25/15] 在馆    
17 2001311041   2001311041   三新/湖北三新(第三批)/977/ [索取号:E25/15] 在馆    
18 2001311042   2001311042   三新/湖北三新(第三批)/977/ [索取号:E25/15] 在馆    
19 2001311043   2001311043   三新/湖北三新(第三批)/977/ [索取号:E25/15] 在馆    
20 2001311044   2001311044   三新/湖北三新(第三批)/977/ [索取号:E25/15] 在馆    
山东省滨州职业学院图书馆 欢迎您!
大连网信软件有限公司© 版权所有